| 000 | 01431nam a2200289Ia 4500 | ||
|---|---|---|---|
| 003 | OSt | ||
| 005 | 20210916110248.0 | ||
| 008 | 210310s2010 ck ad gr 000 0 spa d | ||
| 020 | _a9789589934838 | ||
| 040 |
_aCO-JMCR _cCO-JMCR |
||
| 041 | 0 | _aspa | |
| 082 | 0 | 4 |
_a338.47 / _bG216l _223 |
| 100 | 1 |
_aGracia, Orlando, _eautor _928360 |
|
| 245 | 1 | 3 |
_aLa ley de fronteras en el comercio de combustibles líquidos / _cOrlando Gracia, Manuel Maiguashca, Luis Ernesto Mejía, [y otros 4] |
| 250 | _aPrimera edición | ||
| 260 |
_aBogotá : _bFedesarrollo, _c2010. |
||
| 300 |
_a61 páginas : _bIlustraciones y gráficas en blanco y negro ; _c23 cm. |
||
| 490 | 0 |
_aCuadernos de Fedesarrollo ; _v32 |
|
| 504 | _aBibliografía : páginas 61, y notas a pie de página. | ||
| 505 | 0 | _aDistribución y comercialización de los combustibles en Colombia y precios de los combustibles. -- Marco analítico y experiencia internacional. -- Diagnósticos: motivación de la ley 681 de 2001 y sus efectos sobre el comercio de combustibles. - Costo fiscal de la ley de fronteras y calculo del desvió. Conclusiones y opciones de la política. | |
| 650 | 1 | 4 |
_aPrecios del combustible _zColombia _940525 |
| 650 | 2 | 4 |
_aComercio de combustible _zColombia _940526 |
| 650 | 2 | 4 |
_aContrabando de combustible _zColombia _940527 |
| 700 | 1 |
_aMaiguashca, Manuel, _eautor _940528 |
|
| 700 | 1 |
_aMejía, Luis Ernesto, _eautor _940529 |
|
| 942 |
_2ddc _cBK |
||
| 999 |
_c12482 _d12482 |
||